| 000 | 00601nam a2200205Ia 4500 | ||
|---|---|---|---|
| 005 | 20260429112251.0 | ||
| 008 | 260429s9999||||xx |||||||||||||| ||und|| | ||
| 020 | _a9781035318339 | ||
| 041 | _aEnglish | ||
| 082 |
_a343.2407 _bVAN |
||
| 100 | _aVan De Gronden, Johan W. | ||
| 245 | 0 |
_aCompetition law in the EU : _bprinciples, substance, enforcement / _cJohan W. Van De Gronden |
|
| 250 | _a2nd ed. | ||
| 260 |
_aUnited Kingdom : _bEdward Elgar Publishing, _c2024. |
||
| 300 | _aliii, 564 p.; pbk | ||
| 650 | _a EU | ||
| 650 | _aCompetition law | ||
| 700 | _a Rusu, Catalin S. | ||
| 942 | _cTB | ||
| 999 |
_c53218 _d53218 |
||